000 00956nam a2200253Ia 4500
003 OSt
005 20220923214106.0
006 a|||||r|||| 00| 0
007 ta
008 220922b |||||||| |||| 00| 0 hin d
024 _a166,985
037 _cTextual
040 _aARTS
_cARTS
_bhin
041 _2hin
_ahin
082 _aO152,1J32:g, L4
100 _aकेशव प्रसाद सिंह; वासुदेव सिंह
_9163228
245 0 _aतुलसी संदर्भ और दृष्टि
246 _aTulasī sandarbha aur dṛuṣhṭi
260 _aवाराण्सी
_b हिन्दी प्रचारक संस्थान
_c1974
300 _a388 पृ.
_ccm.
650 _aहिन्दी साहित्य
_9156264
942 _hO152,1J32:g, L4
_cTEXL
_2CC
999 _c321464
_d321464